| LEADER | 00000cam a22000007a 4500 | ||
|---|---|---|---|
| 001 | 17847 | ||
| 003 | CZ-ZlUTB | ||
| 005 | 20190825233637.0 | ||
| 008 | 020507s2002 xr |||||r|||||||||||cze|d | ||
| 020 | |a 8071786462 |q (brož.) | ||
| 040 | |a ABA001 |b cze |c ABA001 |d ZLD002 | ||
| 041 | 1 | |a cze | |
| 072 | 7 | |a 159.93/.94 |x Senzorické a motorické funkce. Emoce. Vůle |2 Konspekt |9 17 | |
| 080 | |a (035) |2 v | ||
| 080 | |a 615.851:159.942 |2 v | ||
| 100 | 1 | |a Ellis, Albert, |d 1913-2007 |7 xx0001272 |4 aut | |
| 245 | 1 | 0 | |a Trénink emocí : |b práce s emocemi na základě racionálně emoční terapie / |c Albert Ellis ; [z anglického originálu ... přeložila Hana Loupová] |
| 250 | |a Vyd. 1. | ||
| 260 | |a Praha : |b Portál, |c 2002 | ||
| 300 | |a 200 s. ; |c 21 cm | ||
| 490 | 1 | |a Spektrum | |
| 650 | 0 | 7 | |a emoce |7 ph114465 |2 czenas |
| 650 | 0 | 4 | |a Psychologie |
| 650 | 0 | 7 | |a psychologie osobnosti |7 ph115951 |2 czenas |
| 700 | 1 | |a Antonínová, Hana, |d 1959- |7 jn20001005163 |4 trl | |
| 830 | 0 | |a Spektrum | |
| 910 | |a ZLD002 | ||
| 952 | |0 0 |1 0 |4 0 |6 15ELLISA |7 0 |8 BOOK |9 30908 |a UTBZL |b UTBZL |c 005 |d 2006-07-29 |l 0 |o 15/ELLIS,A. |p 420010084150 |r 2019-08-25 00:00:00 |v 265.00 |w 2019-08-25 |x N:nákup - dotace KFMZ 2003 | 20100831 |y 01 | ||
| 952 | |0 0 |1 0 |4 0 |6 15ELLISA |7 0 |8 BOOK |9 30909 |a UTBZL |b UTBZL |c 006 |d 2006-07-29 |l 45 |m 4 |o 15/ELLIS,A. |p 420010084151 |r 2025-10-11 11:40:43 |s 2025-09-20 |v 265.00 |w 2019-08-25 |x N:nákup - dotace KFMZ 2003 | 20100831 |y 04 | ||
| 992 | |a BK |b SK |d 35 | ||
| 999 | |c 17847 |d 17847 | ||